<?xml version="1.0" encoding="UTF-8"?>
<marc:record xmlns:marc="http://www.loc.gov/MARC21/slim">
   <marc:leader>00000nam a2200000 a 4500</marc:leader>
   <marc:datafield ind1="1" ind2=" " tag="100">
      <marc:subfield code="a">Nagayama, Yoshitaka</marc:subfield>
      <marc:subfield code="4">aut</marc:subfield>
      <marc:subfield code="e">Verfasser/-in</marc:subfield>
   </marc:datafield>
   <marc:datafield ind1=" " ind2=" " tag="653">
      <marc:subfield code="a">Manga</marc:subfield>
   </marc:datafield>
   <marc:datafield ind1="0" ind2="0" tag="245">
      <marc:subfield code="a">Super Dragon ball heroes: Big Bang Mission 2</marc:subfield>
   </marc:datafield>
   <marc:datafield ind1=" " ind2="1" tag="264">
      <marc:subfield code="b">Carlsen Manga&amp;excl;</marc:subfield>
      <marc:subfield code="c">2020</marc:subfield>
   </marc:datafield>
   <marc:datafield ind1="1" ind2=" " tag="490">
      <marc:subfield code="a">Super Dragon ball heroes</marc:subfield>
   </marc:datafield>
   <marc:datafield ind1="1" ind2=" " tag="520">
      <marc:subfield code="a">Mehr Manga zum Super Dragon Ball Heroes Videogame!
Der dunkle Dämonenkönig Fu ist erwacht. Und seine perfiden Experimente gehen weiter: Er will ein neues Universum erschaffen, die »Big Bang Mission«! Goku und Vegeta unternehmen alles, um diese kosmische Katastrophe noch zu verhindern, doch es wird ein unerbittlicher Kampf. Die Mächte, mit denen sie es zu tun haben, sind nicht von dieser Welt! Wer wird noch auf der Bildfläche erscheinen? Gegen welche Gegner müssen sie diesmal antreten?

Nach der Fortsetzung von Super Dragon Ball Heroes - Mission Dunkles Dämonenreich mit Super Dragon Ball Heroes - Universe Mission folgt nun der dritte Teil unter dem Namen Super Dragon Ball Heroes - Big Bang Mission, der die Universe Creation Saga und die New Space Time War Saga umfasst.[Verlagstext]
Weitere Informationen: 

- Empfohlen ab 10 Jahren

- Abgeschlossen in 3 Bänden
</marc:subfield>
   </marc:datafield>
   <marc:datafield ind1=" " ind2=" " tag="020">
      <marc:subfield code="a">9783551781093</marc:subfield>
      <marc:subfield code="9">9783551781093</marc:subfield>
   </marc:datafield>
</marc:record>
